| LEADER | 01571nam a2200253 4500 | ||
|---|---|---|---|
| 082 | |a 570.76 |b H407TH | ||
| 100 | |a Hoàng Thị Sản | ||
| 245 | |a Hướng dẫn học và ôn tập Sinh học 6 |c Hoàng Thị Sản, Nguyễn Phương Nga, Trịnh Thị Bích Ngọc | ||
| 260 | |a H. |b Giáo dục |c 2002 | ||
| 300 | |a 95tr. |c 24cm | ||
| 520 | |a v.v... | ||
| 653 | |a Sinh học | ||
| 653 | |a Lớp 6 | ||
| 653 | |a Hướng dẫn | ||
| 653 | |a Ôn tập | ||
| 942 | |2 ddc |c STK0 | ||
| 999 | |c 7169 |d 7169 | ||
| 952 | |0 0 |1 0 |2 ddc |4 0 |6 570_760000000000000_H407TH |7 0 |8 500 |9 66516 |a qbu |b qbu |c D3 |d 2015-01-29 |o 570.76 H407TH |p 6709.c1 |r 0000-00-00 |w 2015-01-29 |y STK0 | ||
| 952 | |0 0 |1 0 |2 ddc |4 0 |6 570_760000000000000_H407TH |7 0 |8 500 |9 66517 |a qbu |b qbu |c D3 |d 2015-01-29 |o 570.76 H407TH |p 6709.c2 |r 0000-00-00 |w 2015-01-29 |y STK0 | ||
| 952 | |0 0 |1 0 |2 ddc |4 0 |6 570_760000000000000_H407TH |7 0 |8 500 |9 66518 |a qbu |b qbu |c D3 |d 2015-01-29 |o 570.76 H407TH |p 6709.c3 |r 0000-00-00 |w 2015-01-29 |y STK0 | ||
| 952 | |0 0 |1 0 |2 ddc |4 0 |6 570_760000000000000_H407TH |7 0 |8 500 |9 66519 |a qbu |b qbu |c D3 |d 2015-01-29 |l 1 |o 570.76 H407TH |p 6709.c4 |r 2016-12-21 |s 2016-12-21 |w 2015-01-29 |y STK0 | ||
| 952 | |0 0 |1 0 |2 ddc |4 0 |6 570_760000000000000_H407TH |7 0 |8 500 |9 66520 |a qbu |b qbu |c D3 |d 2015-01-29 |o 570.76 H407TH |p 6709.c5 |r 0000-00-00 |w 2015-01-29 |y STK0 | ||
| 952 | |0 0 |1 0 |2 ddc |4 0 |6 570_760000000000000_H407TH |7 0 |8 500 |9 66521 |a qbu |b qbu |c D3 |d 2015-01-29 |o 570.76 H407TH |p 6709.c6 |r 0000-00-00 |w 2015-01-29 |y STK0 | ||
| 952 | |0 0 |1 0 |2 ddc |4 0 |6 570_760000000000000_H407TH |7 0 |8 500 |9 66522 |a qbu |b qbu |c D3 |d 2015-01-29 |l 1 |o 570.76 H407TH |p 6709.c7 |r 2016-12-21 |s 2016-12-21 |w 2015-01-29 |y STK0 | ||